| 000 | 00492nab a22001457 4500 | ||
|---|---|---|---|
| 003 | ES-SlBCS | ||
| 005 | 20240926132201.0 | ||
| 008 | 240926s2024 sp ||||| |||| 00| 0 spa d | ||
| 040 |
_aES-SlBCS _bspa |
||
| 041 | _aspa | ||
| 100 | 1 |
_aSan Chirico, Kerry P. C. _9427111 |
|
| 245 | 1 | 0 |
_aOraciones de los Khrist Bhaktas de Benarés. _b: Devoción en la confluencia de los ríos _cKerry P. C. San Chirico |
| 773 | 0 |
_gNúm. 407, 2024, págs. 145-156 _tConcilium _wRev134 _x0210-1041 |
|
| 942 |
_2lcc _cAR |
||
| 999 |
_c897998 _d897998 |
||